CONCISE PHARMACEUTICAL INORGANIC CHEMISTRY (Record no. 270444)

MARC details
000 -LEADER
fixed length control field 00329pam a2200121a 44500
008 - FIXED-LENGTH DATA ELEMENTS--GENERAL INFORMATION
fixed length control field 230405s2005 xxu||||| |||| 00| 0 eng d
041 ## - LANGUAGE CODE
Language code of text/sound track or separate title ENG
100 ## - MAIN ENTRY--PERSONAL NAME
Personal name SINGHVI I/ BHAITA N/ BHATIA M
245 ## - TITLE STATEMENT
Title CONCISE PHARMACEUTICAL INORGANIC CHEMISTRY
260 ## - PUBLICATION, DISTRIBUTION, ETC.
Place of publication, distribution, etc.
Name of publisher, distributor, etc. APEX PUBLISHING HOUSE JAIPUR
Date of publication, distribution, etc. 2005
300 ## - PHYSICAL DESCRIPTION
Extent 176
906 ## - LOCAL DATA ELEMENT F, LDF (RLIN)
a 5005
Holdings
Withdrawn status Lost status Damaged status Not for loan Collection Home library Current library Date acquired Source of acquisition Cost, normal purchase price Total Checkouts Barcode Date last seen Price effective from Koha item type
          College of Pharmacy, Kolhapur College of Pharmacy, Kolhapur 14/04/2023 SAI BOOK CENTRE 150.00   PCK-SW-157 14/04/2023 14/04/2023 Book